Соотношение спроса и предложения на российском рынке труда; Вестник науки Сибири; № 3 (4)
| Parent link: | Вестник науки Сибири: электронный научный журнал/ Томский политехнический университет (ТПУ).— , 2011-.— 2226-0064 № 3 (4).— 2012.— [С. 183-187] |
|---|---|
| Hlavní autor: | |
| Shrnutí: | Заглавие с титульного листа Проанализировано состояние российского рынка труда на современном этапе. Выявлен дисбаланс между спросом и предложением на рынке труда. Сделан вывод о том, что для достижения равновесия на рынке труда необходимо усиление государственной политики занятости с целью повышения ее эффективности. |
| Jazyk: | ruština |
| Vydáno: |
2012
|
| Edice: | Экономика и менеджмент |
| Témata: | |
| On-line přístup: | http://earchive.tpu.ru/handle/11683/15871 |
| Médium: | Elektronický zdroj Kapitola |
| KOHA link: | https://koha.lib.tpu.ru/cgi-bin/koha/opac-detail.pl?biblionumber=480446 |
MARC
| LEADER | 00000naa2a2200000 4500 | ||
|---|---|---|---|
| 001 | 480446 | ||
| 005 | 20231101093536.0 | ||
| 035 | |a (RuTPU)RU\TPU\prd\147654 | ||
| 035 | |a RU\TPU\prd\147645 | ||
| 090 | |a 480446 | ||
| 100 | |a 20120820d2012 k y0rusy50 ca | ||
| 101 | 0 | |a rus | |
| 102 | |a RU | ||
| 135 | |a drnn ---uucaa | ||
| 181 | 0 | |a i | |
| 182 | 0 | |a b | |
| 200 | 1 | |a Соотношение спроса и предложения на российском рынке труда |f В. А. Колупаева | |
| 203 | |a Текст |c электронный | ||
| 215 | |a 1 файл (85.9 Кб) | ||
| 225 | 1 | |a Экономика и менеджмент | |
| 230 | |a Электронные текстовые данные (1 файл : 85.9 Кб) | ||
| 300 | |a Заглавие с титульного листа | ||
| 320 | |a [Библиогр.: с. 187 (5 назв.)] | ||
| 330 | |a Проанализировано состояние российского рынка труда на современном этапе. Выявлен дисбаланс между спросом и предложением на рынке труда. Сделан вывод о том, что для достижения равновесия на рынке труда необходимо усиление государственной политики занятости с целью повышения ее эффективности. | ||
| 337 | |a Adobe Reader | ||
| 461 | 1 | |0 (RuTPU)RU\TPU\prd\143680 |x 2226-0064 |t Вестник науки Сибири |o электронный научный журнал |f Томский политехнический университет (ТПУ) |d 2011- | |
| 463 | 1 | |0 (RuTPU)RU\TPU\prd\146314 |t № 3 (4) |v [С. 183-187] |d 2012 | |
| 610 | 1 | |a российская экономика | |
| 610 | 1 | |a рынок труда | |
| 610 | 1 | |a рабочая сила | |
| 610 | 1 | |a спрос | |
| 610 | 1 | |a предложение | |
| 610 | 1 | |a факторы | |
| 610 | 1 | |a эффективность | |
| 610 | 1 | |a занятость | |
| 610 | 1 | |a государственная политика | |
| 610 | 1 | |a труды учёных ТПУ | |
| 610 | 1 | |a электронный ресурс | |
| 675 | |a 331.334 |v 3 | ||
| 700 | 1 | |a Колупаева |b В. А. |c российский экономист |c доцент Томского политехнического университета, кандидат экономических наук |f 1938- |g Валентина Александровна |2 stltpush |3 (RuTPU)RU\TPU\pers\25431 | |
| 801 | 1 | |a RU |b 63413507 |c 20090623 |g PSBO | |
| 801 | 2 | |a RU |b 63413507 |c 20180115 |g PSBO | |
| 856 | 4 | |u http://earchive.tpu.ru/handle/11683/15871 | |
| 942 | |c BK | ||